Educar: esa difícil misión
Guardat en:
| Autor principal: | |
|---|---|
| Format: | Llibre |
| Idioma: | espanyol |
| Publicat: |
Barcelona
Nova Terra
1967
|
| Edició: | 2a. ed |
| Col·lecció: | Navidad
|
| Matèries: | |
| Etiquetes: |
Afegir etiqueta
Sense etiquetes, Sigues el primer a etiquetar aquest registre!
|
MARC
| LEADER | 00000nam a2200000 a 4500 | ||
|---|---|---|---|
| 001 | UCU0601 | ||
| 003 | CL-VaPUC | ||
| 008 | 960322e19670000SP |||||||||||||||||spa|d | ||
| 082 | 0 | 4 | |a 306.874 |b BER |2 21 |
| 100 | |a Berge, André |e author |9 338802 | ||
| 245 | 1 | 0 | |a Educar: esa difícil misión |
| 250 | |a 2a. ed | ||
| 300 | |a 306 p | ||
| 942 | |c BK | ||
| 945 | |d 19960322 00:00:00 |a paguirre | ||
| 260 | |a Barcelona |b Nova Terra |c 1967 | ||
| 650 | 7 | |a EDUCACION DE LOS PADRES |2 CL-VaPUC |9 338423 | |
| 650 | 7 | |a RELACIONES PADRES-HIJOS |2 CL-VaPUC |9 308185 | |
| 650 | 7 | |a ROL DE LO PADRES |2 CL-VaPUC |9 355925 | |
| 650 | 7 | |a MATRIMONIO |2 CL-VaPUC |9 355926 | |
| 650 | 0 | |a Familias |9 255641 | |
| 650 | 0 | |a Sociología |9 255410 | |
| 583 | |a last modification |c 19960322 00:00:00 |k Rodrigo Vera | ||
| 490 | 0 | |a Navidad | |
| 999 | |c 245441 |d 245439 | ||
| 952 | |0 0 |1 0 |4 0 |6 306_874000000000000_BER_1967 |7 0 |8 P |9 259948 |a BIBEDU |b BIBEDU |c BIBEDU_PB |d 2019-11-19 |i 1636057 |o 306.874 BER 1967 |p 1636057 |r 2024-01-25 |w 2019-11-19 |y BK |k EDU | ||